Welcome to CU Library Online Public Access Catalogue (OPAC)

Foot and Lower Extremity Anatomy to Color and Study/ (Record no. 2249)

MARC details
000 -LEADER
fixed length control field 00440nam a22001457a 4500
005 - DATE AND TIME OF LATEST TRANSACTION
control field 20241215112606.0
008 - FIXED-LENGTH DATA ELEMENTS--GENERAL INFORMATION
fixed length control field 241215b |||||||| |||| 00| 0 eng d
020 ## - INTERNATIONAL STANDARD BOOK NUMBER
International Standard Book Number 1560534818
050 ## - LIBRARY OF CONGRESS CALL NUMBER
Classification number QM549
Item number .F66
100 ## - MAIN ENTRY--PERSONAL NAME
Personal name Poritsky, Ray
245 ## - TITLE STATEMENT
Title Foot and Lower Extremity Anatomy to Color and Study/
Statement of responsibility, etc. Ray Poritsky
260 ## - PUBLICATION, DISTRIBUTION, ETC.
Place of publication, distribution, etc. Philadelphia
Name of publisher, distributor, etc. Hanley & Belfus Inc., Medical Publishers
Date of publication, distribution, etc. 2001
300 ## - PHYSICAL DESCRIPTION
Extent 83p.
Other physical details ill.
Dimensions 28cm
942 ## - ADDED ENTRY ELEMENTS (KOHA)
Source of classification or shelving scheme Library of Congress Classification
Koha item type Books
Suppress in OPAC No
999 ## -
-- 2249
-- 2249
Holdings
Withdrawn status Lost status Source of classification or shelving scheme Damaged status Not for loan Collection Home library Current library Shelving location Date acquired Total checkouts Full call number Barcode Date last seen Copy number Price effective from Koha item type
    Library of Congress Classification     Non-fiction Science Library (Miotso) Science Library (Miotso) General stacks 12/15/2024   QM549 .F66 POR SLM00001505 12/15/2024 1 12/15/2024 Books
    Library of Congress Classification     Non-fiction Science Library (Miotso) Science Library (Miotso) General stacks 12/15/2024   QM549 .F66 POR SLM00001506 12/15/2024 2 12/15/2024 Books
© 2023-2024 Copyright: Central University Libraries. All Rights Reserved | Created by: Mahone Tech Office